Guess the actors! #01 (Easy) - Statistics

General Stats
  • This quiz has been taken 70 times
  • The average score is 11 of 16
Answer Stats
Picture Answer % Correct
Robert Downey Jr.
91%
Zendaya
89%
Chris Hemsworth
88%
Chris Pratt
81%
Andrew Garfield
80%
Scarlett Johansson
78%
Tom Holland
78%
Emma Stone
72%
Chris Evans
70%
Mark Wahlberg
70%
Justin Timberlake
66%
Christian Bale
58%
Mila Kunis
55%
Jesse Eisenberg
42%
Jim Parsons
38%
Ana de Armas
27%
No matching quizzes found
Score Distribution
Percent of People with Each Score
Percentile by Number Answered
Your Score History
You have not taken this quiz